[Event "FRM-chT2"]
[Site "Struga"]
[Date "2023.07.04"]
[Round "7.1"]
[White "Spasenovski, Savo"]
[Black "Simeonov, Angel"]
[Result "1/2-1/2"]
[WhiteElo "2275"]
[BlackElo "2133"]
[PlyCount "21"]
[EventDate "2023.06.30"]
[EventType "team-tourn"]
[EventRounds "7"]
[EventCountry "MKD"]
[SourceTitle "EXT 2024"]
[Source "ChessBase"]
[SourceDate "2023.10.10"]
[SourceVersion "1"]
[SourceVersionDate "2023.10.10"]
[SourceQuality "1"]

1. d4 Nf6 2. Nf3 e6 3. e3 c5 4. c3 Be7 5. Be2 0-0 6. 0-0 d6 7. Nbd2 b6 8. b3 Bb7 9. Bb2 Nbd7 10. Rc1 Re8 11. h3 1/2-1/2

[Event "FRM-chT2"]
[Site "Struga"]
[Date "2023.07.01"]
[Round "3.1"]
[White "Simeonov, Angel"]
[Black "Salihi, Shpend"]
[Result "1-0"]
[WhiteElo "2133"]
[BlackElo "1901"]
[PlyCount "99"]
[EventDate "2023.06.30"]
[EventType "team-tourn"]
[EventRounds "7"]
[EventCountry "MKD"]
[SourceTitle "EXT 2024"]
[Source "ChessBase"]
[SourceDate "2023.10.10"]
[SourceVersion "1"]
[SourceVersionDate "2023.10.10"]
[SourceQuality "1"]

1. d4 e6 2. Nf3 d5 3. g3 Nf6 4. Bg2 c5 5. 0-0 h6 6. c4 dxc4 7. Qa4+ Nc6 8. Ne5 Bd7 9. Nxc6 bxc6 10. dxc5 Be7 11. Qxc4 0-0 12. Nc3 Nd5 13. e4 Nxc3 14. Qxc3 f6 15. Rd1 Qc7 16. Be3 e5 17. f4 Bg4 18. Rd2 Rad8 19. h3 Bh5 20. fxe5 fxe5 21. g4 Bg6 22. Rad1 Rxd2 23. Rxd2 Rd8 24. b4 Bf7 25. a3 Be6 26. Rxd8+ Bxd8 27. Qd2 Be7 28. Bf1 Qd8 29. Qxd8+ Bxd8 30. Kg2 Kf7 31. Kg3 g5 32. b5 cxb5 33. Bxb5 Bc7 34. h4 Kf6 35. hxg5+ hxg5 36. Bc6 Bb3 37. Bd5 Bd1 38. Bd2 a5 39. Bc6 Bd8 40. Bd7 Bc7 41. Kf2 Bb3 42. Be3 Bd8 43. c6 Bc7 44. Bc5 Be6 45. Bxe6 Kxe6 46. a4 Bd6 47. Bb6 Bb4 48. Ke2 Kd6 49. c7 Kd7 50. Kd3 1-0

[Event "FRM-chT"]
[Site "Struga"]
[Date "2005.09.01"]
[Round "4"]
[White "Georgiev, Kiril"]
[Black "Simeonov, Angel"]
[Result "1-0"]
[WhiteElo "2666"]
[BlackElo "2140"]
[PlyCount "51"]
[EventDate "2005.08.29"]
[EventType "team"]
[EventRounds "7"]
[EventCountry "MKD"]
[SourceTitle "CBM 108 Extra"]
[Source "ChessBase"]
[SourceDate "2005.11.04"]
[SourceVersion "1"]
[SourceVersionDate "2005.11.04"]
[SourceQuality "1"]

1. d4 Nf6 2. c4 e6 3. Nf3 b6 4. g3 Bb7 5. Bg2 Be7 6. 0-0 0-0 7. Bf4 c5 8. Nc3 cxd4 9. Qxd4 Nc6 10. Qd2 Na5 11. b3 Ne4 12. Nxe4 Bxe4 13. Bd6 Bxd6 14. Qxd6 Nb7 15. Qf4 f5 16. Rfd1 Nc5 17. Rd6 a5 18. Rad1 Ra7 19. Ne5 Bxg2 20. Kxg2 Re8 21. f3 Rb7 22. Qd4 Qb8 23. Nxd7 Nxd7 24. Rxd7 Rxd7 25. Qxd7 g6 26. Rd6 1-0

[Event "Kavala op 14th"]
[Site "Kavala"]
[Date "2005.08.19"]
[Round "9"]
[White "Simeonov, Angel"]
[Black "Fakhiridou, Ekaterini"]
[Result "0-1"]
[WhiteElo "2140"]
[BlackElo "2272"]
[PlyCount "84"]
[EventDate "2005.08.12"]
[EventType "swiss"]
[EventRounds "9"]
[EventCountry "GRE"]
[SourceTitle "CBM 107 Extra"]
[Source "ChessBase"]
[SourceDate "2005.09.01"]
[SourceVersion "1"]
[SourceVersionDate "2005.09.01"]
[SourceQuality "1"]

1. c4 g6 2. Nc3 Bg7 3. g3 f5 4. Bg2 e5 5. d3 Nf6 6. Nf3 d6 7. 0-0 0-0 8. Bg5 h6 9. Bxf6 Qxf6 10. e3 c6 11. Nd2 Nd7 12. b4 e4 13. d4 Qf7 14. Rc1 Nf6 15. f3 d5 16. cxd5 cxd5 17. Nb5 Bd7 18. Nc3 h5 19. Qb3 Bh6 20. Rfe1 Rfd8 21. b5 b6 22. a4 Bf8 23. Na2 h4 24. Nb4 hxg3 25. hxg3 Bd6 26. Nf1 Be6 27. Nc6 Re8 28. f4 Ng4 29. Nh2 Nf6 30. Rc2 Kg7 31. Rec1 Nd7 32. Bf1 Qf8 33. Ne5 Nxe5 34. fxe5 Be7 35. Rc7 Rec8 36. Qb4 Kf7 37. Qd6 Rd8 38. Qc6 Qh6 39. Qc3 Rac8 40. Qa3 Rd7 41. Rxd7 Bxd7 42. Qb2 Qxe3+ 0-1

[Event "Patras op"]
[Site "Patras"]
[Date "2002.08.08"]
[Round "9.12"]
[White "Pitselis, Grigorios"]
[Black "Simeonov, Angel"]
[Result "1-0"]
[WhiteElo "1999"]
[BlackElo "2146"]
[PlyCount "59"]
[EventDate "2002.08.??"]
[EventType "swiss"]
[EventRounds "9"]
[EventCountry "GRE"]
[SourceTitle "CBM 089 Extra"]
[Source "ChessBase"]
[SourceDate "2002.09.10"]
[SourceVersion "2"]
[SourceVersionDate "2002.09.10"]
[SourceQuality "1"]

1. d4 Nf6 2. Nf3 c5 3. d5 g6 4. Nc3 d6 5. e4 Bg7 6. Be2 0-0 7. 0-0 a6 8. a4 Nbd7 9. h3 Rb8 10. Re1 b5 11. axb5 axb5 12. Bxb5 Qc7 13. Qd3 Ne5 14. Nxe5 dxe5 15. b3 Bd7 16. Bxd7 Nxd7 17. Nb5 Qb6 18. c4 f5 19. Bg5 Rf7 20. Ra7 Rb7 21. Rea1 h6 22. Bxe7 Rxa7 23. Rxa7 Rxe7 24. d6 Rf7 25. Qd5 Qd8 26. Ra8 Nb8 27. d7 Bf8 28. Rxb8 Qxd7 29. Nd6 fxe4 30. Rb7 1-0